Under the Weather. Us and the Elements

Podrobná bibliografie
Hlavní autor: Fort T. Tom
Shrnutí:Исключено из фонда НТБ ТПУ
Jazyk:angličtina
Vydáno: London, Century, 2006
Médium: MixedMaterials Kniha
KOHA link:https://koha.lib.tpu.ru/cgi-bin/koha/opac-detail.pl?biblionumber=208198

MARC

LEADER 00000nam0a2200000 4500
001 208198
005 20231031191404.0
010 |a 1844133699 
035 |a (RuTPU)RU\TPU\book\227265 
090 |a 208198 
100 |a 20120201d2006 m y0engy50 ba 
101 0 |a eng 
102 |a GB 
105 |a y z 000ay 
200 1 |a Under the Weather. Us and the Elements  |f T. Fort 
210 |a London  |c Century  |d 2006 
215 |a 307 p. 
333 |a Исключено из фонда НТБ ТПУ 
686 |a Ш143.21-923.8  |v LBC/SL-A  |2 rubbk 
700 1 |a Fort  |b T.  |g Tom 
801 1 |a RU  |b 63413507  |c 20120201 
801 2 |a RU  |b 63413507  |c 20221115  |g RCR 
942 |c BK